[Event "Elit(Solna-Eksjo)"]
[Site "?"]
[Date "2010.10.10"]
[Round "3"]
[White "Lindberg, Bengt"]
[Black "Malesevic, Nedeljko"]
[Result "1-0"]
[WhiteElo "2460"]
[BlackElo "2405"]
[PlyCount "78"]

1. e4 c6 2. d4 d5 3. Nc3 dxe4 4. Nxe4 Nd7 5. Ng5 e6 6. Bd3 Ngf6 7. N1f3 Bd6 8.
Qe2 O-O 9. Be3 h6 10. h4 Qa5+ 11. Bd2 Qb6 12. O-O-O c5 13. Ne5 cxd4 14. f4 Bb4
15. Bxb4 Qxb4 16. g4 Nc5 17. a3 Qb6 18. Ngxf7 Rxf7 19. Nxf7 Kxf7 20. g5 Na4 21.
Bb5 d3 22. Qxd3 Nc5 23. Qe2 Bd7 24. Bxd7 Nfxd7 25. b4 Rc8 26. Rh3 Nf8 27. bxc5
Rxc5 28. Rhd3 Rb5 29. Qe3 Rb1+ 30. Kd2 Qa5+ 31. Ke2 Rb2 32. Rc3 Qf5 33. Kd2
Qd5+ 34. Kc1 Qa2 35. Rc7+ Kg6 36. h5+ Kxh5 37. Rh1+ Kg4 38. Qg1+ Kf5 39. Rc5+
Ke4 1-0

[Event "Elit(Solna-Eksjo)"]
[Site "?"]
[Date "2010.10.10"]
[Round "3"]
[White "Ornstein, Axel"]
[Black "Johansson, Gunnar"]
[Result "1/2-1/2"]
[WhiteElo "2424"]
[BlackElo "2272"]
[PlyCount "59"]

1. c4 e6 2. Nc3 d5 3. d4 c6 4. cxd5 exd5 5. Bf4 Bd6 6. Bxd6 Qxd6 7. e3 Nf6 8.
Bd3 O-O 9. Qc2 Bg4 10. Nge2 Nbd7 11. O-O Bxe2 12. Qxe2 Rfe8 13. a3 c5 14. dxc5
Nxc5 15. Rad1 Qb6 16. Bb1 Rad8 17. Qb5 Qxb5 18. Nxb5 a6 19. Nd4 Na4 20. b3 Nc3
21. Rc1 Nxb1 22. Rxb1 Rc8 23. Rbc1 g6 24. Rfd1 Kf8 25. Kf1 Ke7 26. f3 Kd6 27.
Ke2 h5 28. h4 Ke5 29. Kd2 Nd7 30. Rxc8 1/2-1/2

[Event "Elit(Solna-Eksjo)"]
[Site "?"]
[Date "2010.10.10"]
[Round "3"]
[White "Karlsson, Tomas"]
[Black "Vernersson, Per"]
[Result "0-1"]
[WhiteElo "2250"]
[BlackElo "2451"]
[PlyCount "86"]

1. e4 c6 2. d4 d5 3. Nc3 dxe4 4. Nxe4 Bf5 5. Ng3 Bg6 6. h4 h6 7. Nf3 Nd7 8. h5
Bh7 9. Bd3 Bxd3 10. Qxd3 e6 11. Bf4 Qa5+ 12. Bd2 Qc7 13. O-O-O Ngf6 14. Ne4
O-O-O 15. Nxf6 Nxf6 16. g3 Bd6 17. Qe2 Rhe8 18. c4 Qe7 19. Ne5 Nd7 20. Nxd7
Rxd7 21. f4 Bb4 22. Bxb4 Qxb4 23. Rd2 Red8 24. Rhd1 Qa5 25. a3 Qf5 26. Qe5 Qg4
27. Rd3 f6 28. Qc5 Kb8 29. a4 e5 30. fxe5 Qxh5 31. Re1 fxe5 32. Rxe5 Qh1+ 33.
Kc2 Qg2+ 34. Kc3 b6 35. Qb4 Rxd4 36. Rxd4 Qf3+ 37. Kc2 Rxd4 38. Re8+ Kb7 39.
Kb1 Qf1+ 40. Ka2 Rxc4 41. Qb3 Rc1 42. Qe6 Ra1+ 43. Kb3 Qd3+ 0-1

[Event "Elit(Solna-Eksjo)"]
[Site "?"]
[Date "2010.10.10"]
[Round "3"]
[White "de Verdier, Michael"]
[Black "Landgren, Andreas"]
[Result "1/2-1/2"]
[WhiteElo "2386"]
[BlackElo "2196"]
[PlyCount "110"]

1. e4 c5 2. Nc3 Nc6 3. g3 g6 4. Bg2 Bg7 5. d3 d6 6. Nge2 e5 7. h4 Bg4 8. f3 Be6
9. h5 Nge7 10. Bg5 h6 11. Be3 g5 12. f4 f6 13. Bh3 Bxh3 14. Rxh3 Nd4 15. Ng1
Qd7 16. f5 d5 17. g4 O-O 18. Qd2 Rfc8 19. O-O-O Kh7 20. Kb1 b5 21. Nxd5 Nxd5
22. exd5 Qxd5 23. c3 Nc6 24. Ne2 Rd8 25. Qc2 c4 26. d4 b4 27. Rhh1 b3 28. axb3
cxb3 29. Qd3 e4 30. Qd2 Na5 31. Nc1 Nc4 32. Qe2 a5 33. Nxb3 Nxe3 34. Qxe3 Qxb3
35. Qxe4 Rab8 36. Qc2 a4 37. Qxb3 Rxb3 38. Kc2 Rdb8 39. Rb1 Bf8 40. Rhe1 Kg7
41. Re6 a3 42. Ra6 Rxb2+ 43. Rxb2 Rxb2+ 44. Kd3 a2 45. Ra7+ Kg8 46. Kc4 Rg2 47.
Kd5 Rg3 48. Rxa2 Rxc3 49. Ra7 Re3 50. Kc6 Re4 51. d5 Rxg4 52. d6 Bxd6 53. Kxd6
Re4 54. Ra8+ Kf7 55. Ra7+ Kf8 1/2-1/2

[Event "Elit(Solna-Eksjo)"]
[Site "?"]
[Date "2010.10.10"]
[Round "3"]
[White "Dalmau, Jorgen"]
[Black "Krantz, Christopher"]
[Result "1/2-1/2"]
[WhiteElo "2156"]
[BlackElo "2349"]
[PlyCount "140"]

1. e4 e6 2. d4 d5 3. exd5 exd5 4. Nf3 Bd6 5. c4 c6 6. Nc3 Ne7 7. Bd3 dxc4 8.
Bxc4 O-O 9. O-O Bg4 10. h3 Bh5 11. Ne4 Bc7 12. Re1 Nd5 13. Bg5 f6 14. Bh4 Nd7
15. Nc5 Nxc5 16. dxc5 Bf7 17. Qb3 Qd7 18. Bg3 Bxg3 19. fxg3 Rfe8 20. a3 Re7 21.
Qd3 Rae8 22. Kf2 Re3 23. Qd2 R3e4 24. Rxe4 Rxe4 25. Bd3 Re8 26. Re1 Rd8 27. Qc2
g6 28. Bc4 Nc7 29. Be2 Bd5 30. Rd1 Re8 31. Bc4 Qf7 32. Bxd5 Nxd5 33. Qd2 Re4
34. Re1 Qe7 35. Rxe4 Qxe4 36. Qe2 Qf5 37. b4 Kf7 38. Kg1 Qb1+ 39. Kh2 Qa1 40.
Qd3 Qc3 41. Qe4 Qxa3 42. Qh4 h5 43. g4 Qxb4 44. gxh5 Qxh4 45. hxg6+ Kxg6 46.
Nxh4+ Kg5 47. Kg3 a5 48. Nf3+ Kg6 49. Nd4 Nc7 50. Kg4 Na6 51. h4 Nxc5 52. h5+
Kh6 53. Nf5+ Kh7 54. Nd4 a4 55. Kf5 Kg7 56. h6+ Kxh6 57. Kxf6 Nb3 58. Nc2 Nd2
59. Ke5 Nc4+ 60. Kd4 Nb6 61. Kc5 Nc8 62. Kb4 Kg5 63. Kxa4 Kg4 64. Kb4 Kg3 65.
Kc5 Kxg2 66. Nd4 Na7 67. Kb6 Kf2 68. Kxa7 c5 69. Nb5 Ke3 70. Kxb7 Kd3 1/2-1/2

[Event "Elit(Solna-Eksjo)"]
[Site "?"]
[Date "2010.10.10"]
[Round "3"]
[White "Gustafsson, Olof"]
[Black "Bjarnehag, Peter"]
[Result "0-1"]
[WhiteElo "2134"]
[BlackElo "2216"]
[PlyCount "100"]
[EventDate "2010.??.??"]

1. e4 c5 2. Nc3 Nc6 3. g3 g6 4. Bg2 Bg7 5. d3 Rb8 6. Be3 d6 7. f4 e6 8. Nf3 Nd4
9. O-O Ne7 10. Rb1 b6 11. Qd2 O-O 12. Ne2 Nxf3+ 13. Bxf3 d5 14. g4 dxe4 15.
Bxe4 f5 16. Bf3 fxg4 17. Bxg4 Nf5 18. c3 Bb7 19. Rbd1 Qh4 20. Bf3 Qh3 21. Ng3
Nxg3 22. hxg3 Qxg3+ 23. Qg2 Qxg2+ 24. Kxg2 Bxf3+ 25. Rxf3 Rbd8 26. d4 cxd4 27.
Bxd4 Rf5 28. Kg3 g5 29. fxg5 Rxf3+ 30. Kxf3 e5 31. Ke4 exd4 32. cxd4 Kf7 33. d5
Kg6 34. d6 Kxg5 35. d7 Bxb2 36. Rd6 Bf6 37. Rd2 Kg6 38. Rd6 Kf7 39. Kf5 Be7 40.
Rd4 h5 41. Rd3 h4 42. Ke5 Bc5 43. Rh3 Rxd7 44. Rxh4 a5 45. Rh7+ Ke8 46. Rh4 Kd8
47. Ke6 Kc7 48. Ke5 Rd2 49. a4 Kc6 50. Rg4 Re2+ 0-1

[Event "Elit(Solna-Eksjo)"]
[Site "?"]
[Date "2010.10.10"]
[Round "3"]
[White "Lindborg, Petter"]
[Black "Andersson, Johan"]
[Result "1-0"]
[WhiteElo "2146"]
[BlackElo "2101"]
[PlyCount "78"]

1. d4 d6 2. Nf3 f5 3. c4 Nf6 4. Nc3 g6 5. e3 Bg7 6. Be2 O-O 7. O-O Qe8 8. b4 e5
9. dxe5 dxe5 10. Bb2 Nc6 11. b5 Nd8 12. Ba3 Rf7 13. Ng5 Rd7 14. Qb3 h6 15. c5+
Kh8 16. Nf3 c6 17. Bc4 e4 18. Nd4 Ng4 19. h3 Ne5 20. Rad1 Nxc4 21. Qxc4 Re7 22.
Nce2 Nf7 23. Qa4 Ne5 24. Rd2 cxb5 25. Qxb5 Bd7 26. Qb3 Ba4 27. Qb4 a5 28. Qc3
Bc6 29. Bb2 a4 30. Nxc6 bxc6 31. Qc2 a3 32. Bxe5 Bxe5 33. Nd4 Rd8 34. Rfd1 Red7
35. Qa4 Bxd4 36. Qxc6 Rc8 37. Qa4 Rdc7 38. Qxd4+ Kh7 39. Rc1 Qb5 1-0

[Event "Elit(Eksjo-LASK)"]
[Site "?"]
[Date "2010.11.13"]
[Round "4"]
[White "Tikkanen, Hans"]
[Black "Krantz, Christopher"]
[Result "1-0"]
[WhiteElo "2636"]
[BlackElo "2349"]
[PlyCount "65"]

1. d4 d5 2. c4 c6 3. Nf3 Nf6 4. e3 Bf5 5. Nc3 a6 6. Qb3 b5 7. c5 Nbd7 8. a4 e5
9. Qa3 Rc8 10. Na2 exd4 11. exd4 Be7 12. Be2 O-O 13. O-O Re8 14. Nb4 Nxc5 15.
dxc5 Bxc5 16. Be3 Rxe3 17. fxe3 Qd6 18. Nd4 Bxb4 19. Nxf5 Bxa3 20. Nxd6 Bxd6
21. axb5 axb5 22. Rfc1 g6 23. Ra6 Be5 24. b3 c5 25. Rb6 c4 26. Rxb5 c3 27. Rc2
Ra8 28. Bf3 Ra1+ 29. Kf2 Rb1 30. Ke2 Rb2 31. Kd3 Ne4 32. Rxd5 Nf2+ 33. Rxf2 1-0

[Event "Elit(Eksjo-LASK)"]
[Site "?"]
[Date "2010.11.13"]
[Round "4"]
[White "Smith, Axel"]
[Black "Gustafsson, Fredrik"]
[Result "1-0"]
[WhiteElo "2521"]
[BlackElo "2168"]
[PlyCount "81"]

1. c4 Nf6 2. Nc3 g6 3. e4 c5 4. Nf3 Nc6 5. d4 cxd4 6. Nxd4 Bg7 7. Nc2 O-O 8.
Be2 a6 9. O-O Rb8 10. c5 b6 11. Bf4 Ra8 12. cxb6 Qxb6 13. Qd2 d6 14. b4 Bb7 15.
Be3 Qc7 16. f4 Rfc8 17. Rac1 Qd7 18. Bf3 Rab8 19. h3 Ba8 20. a3 Qc7 21. Nd5 Qd8
22. Qd3 Nd7 23. Na1 Bb7 24. Rfd1 e5 25. g3 Nd4 26. Bxd4 exd4 27. Nb3 Bxd5 28.
exd5 Rc3 29. Rxc3 dxc3 30. Re1 Qb6+ 31. Kg2 Rc8 32. Na5 Qb5 33. Qc2 Bf6 34. Nc6
Ra8 35. a4 Qb6 36. g4 Nb8 37. Re8+ Kg7 38. g5 Bd4 39. Qe4 Nxc6 40. Rxa8 Nxb4
41. Qe8 1-0

[Event "Elit(Eksjo-LASK)"]
[Site "?"]
[Date "2010.11.13"]
[Round "4"]
[White "Malesevic, Nedeljko"]
[Black "Bejtovic, Jasmin"]
[Result "0-1"]
[WhiteElo "2405"]
[BlackElo "2459"]
[PlyCount "76"]

1. d4 Nf6 2. c4 g6 3. Nc3 Bg7 4. e4 d6 5. f4 O-O 6. Nf3 Na6 7. Bd3 Bg4 8. O-O
Nd7 9. Be3 e5 10. fxe5 c5 11. Be2 Bxf3 12. gxf3 cxd4 13. Bxd4 dxe5 14. Be3 Nac5
15. b4 Ne6 16. Kh1 a5 17. a3 Nd4 18. Rb1 axb4 19. axb4 Ra3 20. Nd5 Qh4 21. Rb2
Rfa8 22. Bd3 Qh3 23. Bxd4 exd4 24. Nf4 Qh6 25. Ng2 Ne5 26. Ne1 Qe3 27. Bb1 Nxc4
28. Rbf2 Qc3 29. Qe2 Ra1 30. Nd3 R8a3 31. Qc2 Rxb1 32. Qxb1 Qxd3 33. Qxd3 Rxd3
34. Ra1 Bf8 35. Ra8 Ne3 36. h4 Kg7 37. Rb8 Rd1+ 38. Kh2 Bd6+ 0-1

[Event "Elit(Eksjo-LASK)"]
[Site "?"]
[Date "2010.11.13"]
[Round "4"]
[White "Hillarp Persson, Tiger"]
[Black "Andersson, Johan"]
[Result "1-0"]
[WhiteElo "2568"]
[BlackElo "2101"]
[PlyCount "71"]

1. d4 d6 2. Nf3 f5 3. Nc3 Nf6 4. Bg5 e6 5. e4 fxe4 6. Nxe4 Be7 7. Bxf6 Bxf6 8.
Qe2 O-O 9. O-O-O Nc6 10. c3 e5 11. d5 Ne7 12. g3 Qe8 13. Bg2 Qa4 14. a3 Bf5 15.
Rhe1 h6 16. h4 Bg4 17. Qc2 Qxc2+ 18. Kxc2 Bxf3 19. Bxf3 Bxh4 20. Bg4 Bf6 21.
Rh1 Kh7 22. Rh2 Rad8 23. c4 Kg6 24. Be6 Nf5 25. g4 Nd4+ 26. Rxd4 exd4 27. f4
Be7 28. f5+ Kh7 29. g5 c5 30. Rg2 Rb8 31. f6 gxf6 32. g6+ Kg7 33. Ng3 Kxg6 34.
Nf5+ Kh7 35. Rg7+ Kh8 36. Rxe7 1-0

[Event "Elit(Eksjo-LASK)"]
[Site "?"]
[Date "2010.11.13"]
[Round "4"]
[White "Thornert, Hakan"]
[Black "Lund, Silas"]
[Result "0-1"]
[WhiteElo "2246"]
[BlackElo "2455"]
[PlyCount "58"]

1. e4 e5 2. Nc3 Nf6 3. f4 d5 4. fxe5 Nxe4 5. Nf3 Be7 6. Qe2 Nxc3 7. dxc3 c5 8.
Bf4 Nc6 9. O-O-O Be6 10. c4 d4 11. a3 Qd7 12. h4 a5 13. Qf2 a4 14. Qg3 Na5 15.
Qxg7 O-O-O 16. Qh6 Rdg8 17. Bd2 Nxc4 18. Bxc4 Bxc4 19. Bg5 Rg6 20. Qh5 Qf5 21.
g4 Qxf3 22. Bxe7 Be6 23. Bf6 Bxg4 24. Qxg6 Qe3+ 25. Rd2 fxg6 26. Bxh8 c4 27. e6
c3 28. bxc3 dxc3 29. Bxc3 Qxc3 0-1

[Event "Elit(Eksjo-LASK)"]
[Site "?"]
[Date "2010.11.13"]
[Round "4"]
[White "Nilsson, Sebastian"]
[Black "Akvist, Hakan"]
[Result "1-0"]
[WhiteElo "2401"]
[BlackElo "2091"]
[PlyCount "89"]

1. e4 e6 2. d4 d5 3. Nc3 Bb4 4. e5 c5 5. a3 Bxc3+ 6. bxc3 Qa5 7. Bd2 Qa4 8. Qg4
Kf8 9. Qd1 b6 10. c4 Nc6 11. Nf3 dxc4 12. dxc5 Nge7 13. cxb6 axb6 14. Be2 h6
15. O-O Bb7 16. Bb4 Rd8 17. Bd6 Kg8 18. c3 Ra8 19. Nd2 Qxd1 20. Rfxd1 Nd5 21.
Bxc4 Nxc3 22. Rdc1 Nd5 23. Rab1 Nd4 24. Bxd5 Bxd5 25. Rc7 b5 26. Rb4 Ra4 27.
Rxa4 bxa4 28. Ra7 Nb3 29. Nb1 Kh7 30. Rxf7 Kg6 31. Rc7 Nd4 32. Nc3 Bb3 33. f3
Nf5 34. Kf2 Rd8 35. Nb5 Ra8 36. g4 Nxd6 37. Nxd6 Bd5 38. f4 Rb8 39. h4 h5 40.
f5+ Kh7 41. f6 hxg4 42. Rxg7+ Kh6 43. Rg5 Bf3 44. Nf7+ Kh7 45. Rg7# 1-0

[Event "Elit(Eksjo-LASK)"]
[Site "?"]
[Date "2010.11.13"]
[Round "4"]
[White "Al-Saadi, Ali Ghazi"]
[Black "Olsson, Linus"]
[Result "0-1"]
[WhiteElo "2070"]
[BlackElo "2317"]
[PlyCount "70"]

1. e4 c5 2. b3 d6 3. Bb2 e5 4. Bb5+ Nc6 5. Nf3 Nf6 6. Nc3 Be7 7. O-O O-O 8.
Bxc6 bxc6 9. d3 Ne8 10. Qe2 Nc7 11. Nd1 Ne6 12. g3 g6 13. c3 f5 14. Nd2 f4 15.
f3 h5 16. Nf2 fxg3 17. hxg3 h4 18. g4 Nf4 19. Qd1 h3 20. Kh2 Bh4 21. Nc4 Bxf2
22. Rxf2 Qh4 23. Rf1 Ba6 24. Bc1 Qf6 25. Rg1 d5 26. g5 Qe6 27. Nb2 dxe4 28.
Bxf4 Rxf4 29. dxe4 Qf7 30. Rg3 Rxe4 31. Nc4 Bxc4 32. bxc4 Re3 33. Qd6 e4 34.
fxe4 Rxe4 35. Rf1 Re2+ 0-1

[Event "Elit(Upsala-Farsta)"]
[Site "?"]
[Date "2010.11.13"]
[Round "4"]
[White "Hjelm, Niclas"]
[Black "Andersson, Fredrik"]
[Result "0-1"]
[WhiteElo "2371"]
[BlackElo "2364"]
[PlyCount "62"]
[SourceDate "2010.11.16"]

1. d4 Nf6 2. c4 g6 3. Nc3 Bg7 4. Nf3 O-O 5. Bg5 c5 6. d5 d6 7. e3 h6 8. Bh4 a6
9. Nd2 Qb6 10. Rb1 e6 11. Bd3 Qc7 12. a4 Re8 13. O-O Nbd7 14. h3 exd5 15. cxd5
Ne5 16. Be2 g5 17. Bg3 Bf5 18. e4 Bg6 19. Kh1 Rab8 20. f4 gxf4 21. Bxf4 Nfd7
22. Nf3 c4 23. Qd2 Kh7 24. Nd4 Nc5 25. Qe3 Ned3 26. Bxd3 cxd3 27. Rbc1 Qd7 28.
Nf3 Nxe4 29. Nxe4 Rxe4 30. Qa7 Rbe8 31. Nh4 Bd4 0-1

[Event "Elit(Upsala-Farsta)"]
[Site "?"]
[Date "2010.11.13"]
[Round "4"]
[White "Backelin, Rikard"]
[Black "Glimbrant, Torbjorn"]
[Result "1-0"]
[WhiteElo "2440"]
[BlackElo "2324"]
[PlyCount "89"]
[EventDate "2010.??.??"]

1. e4 c5 2. Nf3 e6 3. b3 d5 4. exd5 exd5 5. Bb2 Nf6 6. Bb5+ Nc6 7. Qe2+ Be7 8.
Bxf6 gxf6 9. O-O O-O 10. Re1 Bd6 11. h3 Kh8 12. Nc3 Rg8 13. Kh1 Qf8 14. Nxd5
Bxh3 15. gxh3 Qc8 16. Nh2 Qxh3 17. f4 Nd4 18. Qf1 Qxf1+ 19. Bxf1 Nxc2 20. Nxf6
Rgd8 21. Nd5 Bf8 22. Bg2 Bg7 23. Rac1 Nxe1 24. Rxe1 Re8 25. Rc1 Re2 26. Nf3 Rg8
27. Ng5 Bd4 28. Nxf7+ Kg7 29. Ng5 Rxd2 30. Re1 h6 31. Re7+ Kg6 32. Re6+ Kg7 33.
Re7+ Kg6 34. Nf3 Rxa2 35. Nxd4 cxd4 36. Be4+ Kh5 37. Nf6+ Kh4 38. Nxg8 Kg3 39.
Rg7+ Kxf4 40. Bh7 b5 41. Nxh6 Ra1+ 42. Kh2 Ra2+ 43. Kh3 Ra3 44. Rg4+ Kf3 45.
Rg3+ 1-0

[Event "Elit(Upsala-Farsta)"]
[Site "?"]
[Date "2010.11.13"]
[Round "4"]
[White "Lundvik, Jonas"]
[Black "von Bahr, Oskar"]
[Result "1/2-1/2"]
[WhiteElo "2339"]
[BlackElo "2357"]
[PlyCount "95"]

1. d4 Nf6 2. Nf3 g6 3. Bg5 Bg7 4. Nbd2 d5 5. e3 O-O 6. Bd3 c5 7. c3 Qb6 8. Qb3
c4 9. Qxb6 axb6 10. Bc2 Nc6 11. O-O Bf5 12. e4 Nxe4 13. Nxe4 Bxe4 14. Bxe4 dxe4
15. Nd2 h6 16. Bf4 g5 17. Bc7 b5 18. Nxe4 Rfc8 19. Bb6 Ra6 20. Bc5 b6 21. Ba3
b4 22. Bxb4 Nxb4 23. cxb4 Bxd4 24. Rfb1 Rca8 25. a3 f5 26. Ng3 e6 27. Ne2 Bf6
28. Kf1 Rd8 29. Ke1 Rd3 30. Ra2 b5 31. Rd1 Rb3 32. Rd2 Rxb4 33. Nd4 Bxd4 34.
Rxd4 Kf7 35. Kd2 Rba4 36. Ra1 Rc6 37. Rd7+ Kf6 38. Rb7 Rc5 39. Kc3 Re5 40. Rd1
f4 41. Rd8 Re2 42. Rf8+ Kg6 43. g4 Ra6 44. Rbf7 e5 45. Re7 Rxf2 46. Rff7 Rxh2
47. Rg7+ Kf6 48. Rgf7+ 1/2-1/2

[Event "Elit(Upsala-Farsta)"]
[Site "?"]
[Date "2010.11.13"]
[Round "4"]
[White "Ong, Kezli"]
[Black "Jansson, Borje"]
[Result "0-1"]
[WhiteElo "2319"]
[BlackElo "2279"]
[PlyCount "122"]

1. e4 e5 2. Nf3 Nc6 3. Bb5 a6 4. Ba4 d6 5. O-O Bg4 6. h3 Bh5 7. c3 Nf6 8. Re1
Be7 9. d3 O-O 10. Nbd2 b5 11. Bb3 d5 12. Qe2 d4 13. g4 dxc3 14. bxc3 Bg6 15.
Nf1 Qd6 16. Bb2 Na5 17. Bc2 Nd7 18. Rad1 f6 19. Nh4 Rfe8 20. Ne3 Bf8 21. Nhf5
Qc6 22. h4 Bf7 23. Bb1 Nc5 24. Ba1 Rad8 25. Kh2 g6 26. Ng3 Bh6 27. d4 Bxe3 28.
Qxe3 Nc4 29. Qf3 Nd7 30. h5 Nf8 31. Kg2 Rd6 32. Rh1 Ne6 33. hxg6 hxg6 34. Kg1
Ng5 35. Qg2 Qd7 36. Rh4 Kg7 37. Qh1 Qc8 38. Nf1 Rdd8 39. Kg2 Rh8 40. f3 Ne6 41.
Kf2 Rxh4 42. Qxh4 Rh8 43. Qg3 Ng5 44. Kg2 Rh3 45. Qxh3 Nxh3 46. Kxh3 Qh8+ 47.
Kg2 Qh6 48. Bd3 Qf4 49. Kf2 f5 50. gxf5 gxf5 51. Bxc4 Bxc4 52. Ng3 Kf7 53. exf5
Bd5 54. Rd3 e4 55. Re3 exf3 56. Bb2 Qh4 57. Re5 Qh2+ 58. Ke3 Qxg3 59. Rxd5 f2+
60. Ke2 Qg2 61. Rd7+ Kf6 0-1

[Event "Elit(Upsala-Farsta)"]
[Site "?"]
[Date "2010.11.13"]
[Round "4"]
[White "Marttala, Thomas"]
[Black "Wieweg, Johnny"]
[Result "1-0"]
[WhiteElo "2300"]
[BlackElo "2224"]
[PlyCount "43"]

1. Nf3 Nf6 2. c4 g6 3. g3 Bg7 4. Bg2 c6 5. O-O d5 6. Qb3 O-O 7. d3 Na6 8. cxd5
cxd5 9. Nc3 b6 10. Bf4 Bb7 11. d4 e6 12. Rac1 Ne4 13. Rfd1 Nxc3 14. Rxc3 Qe7
15. Rdc1 Rfc8 16. Rxc8+ Rxc8 17. Rxc8+ Bxc8 18. Qc3 Qb7 19. Ne5 Nb8 20. e4 Bxe5
21. Bxe5 dxe4 22. Bxe4 1-0

[Event "Elit(Upsala-Farsta)"]
[Site "?"]
[Date "2010.11.13"]
[Round "4"]
[White "Lissang, Christopher"]
[Black "Burwick, Malte"]
[Result "1/2-1/2"]
[WhiteElo "2302"]
[BlackElo "2264"]
[PlyCount "116"]

1. d4 Nf6 2. Nf3 g6 3. c4 Bg7 4. Nc3 O-O 5. e4 d6 6. h3 e5 7. dxe5 dxe5 8. Qxd8
Rxd8 9. Be3 c6 10. Be2 Nbd7 11. O-O Nh5 12. Rfd1 Nf4 13. Bf1 Ne6 14. c5 Bf6 15.
Na4 Kg7 16. b4 Ndf8 17. Nb2 a5 18. a3 axb4 19. axb4 Rxa1 20. Rxa1 Nd4 21. Bxd4
exd4 22. e5 Be7 23. Rd1 f6 24. exf6+ Bxf6 25. Nc4 Ne6 26. Nd6 Be7 27. Nxc8 Rxc8
28. Re1 Kf6 29. Bc4 Nc7 30. Nxd4 Bf8 31. Ra1 Ra8 32. Rd1 Rd8 33. Kf1 Bg7 34. g4
Ke7 35. Re1+ Kf8 36. Nf3 Bc3 37. Re4 Bxb4 38. Ng5 Rd7 39. Ne6+ Nxe6 40. Bxe6
Rd1+ 41. Ke2 Re1+ 42. Kf3 Rxe4 43. Kxe4 Bxc5 44. Bc8 Bxf2 45. Bxb7 c5 46. Bd5
Kg7 47. Kf3 Bh4 48. Ke4 Kf6 49. Bg8 h6 50. Bd5 Kg5 51. Bf7 Be1 52. Kd5 Bf2 53.
Be8 Kh4 54. Bxg6 Kxh3 55. Bh5 Kg3 56. Kc4 Kf4 57. Kd5 Bg1 58. Kc4 Bf2 1/2-1/2

[Event "Elit(Upsala-Farsta)"]
[Site "?"]
[Date "2010.11.13"]
[Round "4"]
[White "Johansson, Thomas"]
[Black "Svensk, Ingemar"]
[Result "0-1"]
[WhiteElo "2260"]
[BlackElo "2256"]
[PlyCount "49"]

1. d4 d5 2. c4 dxc4 3. Nf3 Nf6 4. e3 e6 5. Bxc4 a6 6. O-O c5 7. Bb3 Nc6 8. Nc3
Qc7 9. h3 Bd6 10. e4 Nxd4 11. Nxd4 cxd4 12. Qxd4 O-O 13. Bg5 Bh2+ 14. Kh1 Be5
15. Qe3 h6 16. Bh4 g5 17. Bg3 Bxg3 18. fxg3 Qe5 19. Rxf6 Qxf6 20. e5 Qg7 21.
Rf1 f6 22. Ne4 fxe5 23. Rxf8+ Qxf8 24. Qc3 Qg7 25. Qf3 0-1

[Event "Elit(Limhamn-Orgryte)"]
[Site "?"]
[Date "2010.11.13"]
[Round "4"]
[White "Tukhaev, Adam"]
[Black "Brynell, Stellan"]
[Result "1-0"]
[WhiteElo "2600"]
[BlackElo "2559"]
[PlyCount "95"]

1. e4 e6 2. d4 d5 3. e5 c5 4. c3 Qb6 5. Nf3 Nc6 6. a3 Nh6 7. b4 cxd4 8. Bxh6
gxh6 9. cxd4 Bd7 10. Be2 Rc8 11. O-O Bg7 12. Qd3 O-O 13. Nbd2 a6 14. Nb3 Nb8
15. Nc5 Bb5 16. Qe3 Rc7 17. Rfc1 Bxe2 18. Qxe2 Qb5 19. Qd2 b6 20. a4 Qe8 21.
Nd3 Rxc1+ 22. Rxc1 Qxa4 23. Nf4 Qd7 24. Nh5 Qd8 25. Qf4 Kh8 26. h4 Nd7 27. Rc6
a5 28. bxa5 bxa5 29. Ra6 Qc7 30. Qd2 Rc8 31. Rxa5 Qc1+ 32. Qxc1 Rxc1+ 33. Kh2
Rc8 34. Ra7 Rd8 35. Kh3 Kg8 36. Nh2 Nb8 37. Rc7 Na6 38. Rb7 Rb8 39. Rd7 Nb4 40.
Ng4 Nc6 41. Nhf6+ Bxf6 42. exf6 Kf8 43. Nxh6 Nd8 44. Ng4 Nc6 45. Rc7 Nd8 46.
Ne5 Kg8 47. Kg4 Ra8 48. Re7 1-0

[Event "Elit(Limhamn-Orgryte)"]
[Site "?"]
[Date "2010.11.13"]
[Round "4"]
[White "Hector, Jonny"]
[Black "Frisk Kockum, Anton"]
[Result "1-0"]
[WhiteElo "2654"]
[BlackElo "2384"]
[PlyCount "83"]

1. e4 e6 2. d4 d5 3. e5 c5 4. c3 Nc6 5. Nf3 Qb6 6. Bd3 cxd4 7. O-O Bd7 8. Re1
Nge7 9. h4 a6 10. Bc2 Rc8 11. h5 h6 12. cxd4 Nf5 13. Bxf5 exf5 14. Nc3 Be6 15.
Na4 Qd8 16. Bf4 b5 17. Nc3 Be7 18. Qd2 O-O 19. Re3 Kh7 20. Ne2 g5 21. hxg6+
fxg6 22. Rc3 g5 23. Qc1 Na5 24. Bd2 Nc4 25. b3 b4 26. Rc2 Na3 27. Rc5 a5 28.
Qd1 Bxc5 29. dxc5 Rxc5 30. Ned4 Bc8 31. Nxg5+ Kg6 32. Nge6 Bxe6 33. Nxe6 Qe7
34. Nxc5 Qxc5 35. Rc1 Qb6 36. Qf3 Qe6 37. Qh3 Kh7 38. Bxh6 Rf7 39. Bg5+ Kg8 40.
Bf6 Rh7 41. Qg3+ Kf8 42. Qg6 1-0

[Event "Elit(Limhamn-Orgryte)"]
[Site "?"]
[Date "2010.11.13"]
[Round "4"]
[White "Schneider, Stefan"]
[Black "Arnelind, Mikael"]
[Result "1/2-1/2"]
[WhiteElo "2440"]
[BlackElo "2235"]
[PlyCount "96"]

1. d4 Nf6 2. c4 e6 3. Nf3 b6 4. g3 Bb7 5. Bg2 Be7 6. O-O O-O 7. Re1 Qc8 8. Bg5
h6 9. Bxf6 Bxf6 10. e4 d6 11. Qc2 c5 12. d5 exd5 13. exd5 Nd7 14. Nc3 Ne5 15.
Nd2 Qd8 16. Nce4 Be7 17. f4 Ng4 18. Re2 f5 19. h3 Nf6 20. Nf2 Nh5 21. Kh2 Bc8
22. Rae1 Rf7 23. Re6 Bxe6 24. dxe6 Rf8 25. Bxa8 Qxa8 26. Qd3 a6 27. Nd1 b5 28.
Ne3 bxc4 29. Qd5 g6 30. Qxa8 Rxa8 31. Nd5 Kf8 32. Nxc4 Rb8 33. b3 Ng7 34. Ncb6
Rb7 35. Nc8 Ne8 36. Ncxe7 Rxe7 37. Nxe7 Kxe7 38. g4 Ng7 39. Kg3 Nxe6 40. Kf3
Kf6 41. Ke3 Nc7 42. Rd1 Ke6 43. Kf3 Nd5 44. Re1+ Kf7 45. a3 a5 46. Rd1 Ke6 47.
Re1+ Kf7 48. Rd1 Ke6 1/2-1/2

[Event "Elit(Limhamn-Orgryte)"]
[Site "?"]
[Date "2010.11.13"]
[Round "4"]
[White "Zackrisson, Mattias"]
[Black "Jepson, Christian"]
[Result "0-1"]
[WhiteElo "2205"]
[BlackElo "2478"]
[PlyCount "90"]

1. e4 e5 2. Nf3 Nc6 3. Bb5 a6 4. Bxc6 dxc6 5. O-O Bd6 6. d4 exd4 7. Qxd4 f6 8.
Nbd2 Be6 9. Qc3 Qe7 10. Nd4 O-O-O 11. Nxe6 Qxe6 12. Re1 Ne7 13. Nc4 Ng6 14.
Nxd6+ Rxd6 15. f3 Rhd8 16. Be3 b6 17. Qa3 Kb7 18. Qb3 Qe5 19. c3 Nf4 20. Qc2 c5
21. Bxf4 Qxf4 22. Rad1 Rd2 23. Qc1 Qg5 24. g3 c4 25. Kh1 Rxd1 26. Rxd1 Qxc1 27.
Rxc1 Rd2 28. Rb1 Rf2 29. f4 Re2 30. e5 fxe5 31. f5 Rf2 32. g4 Kc6 33. h3 h5 34.
Re1 hxg4 35. hxg4 Kd6 36. Re4 Kd5 37. Re1 e4 38. Rd1+ Kc6 39. Rg1 Kd6 40. Rg3
Ke5 41. Kg1 Rxb2 42. Rh3 Kf4 43. Rh7 Kxg4 44. Rxg7+ Kxf5 45. Rxc7 b5 0-1

[Event "Elit(Limhamn-Orgryte)"]
[Site "?"]
[Date "2010.11.13"]
[Round "4"]
[White "Penalver, Osmani"]
[Black "Virolainen, Victor"]
[Result "1-0"]
[WhiteElo "2317"]
[BlackElo "2169"]
[PlyCount "63"]

1. d4 e6 2. c4 f5 3. Nf3 Nf6 4. g3 d5 5. Bg2 c6 6. O-O Bd6 7. b3 Qe7 8. Bb2 b6
9. Qc1 Bb7 10. Ba3 Bxa3 11. Nxa3 Nbd7 12. Qb2 O-O 13. Rfd1 Ne4 14. e3 g5 15.
Ne5 Nxe5 16. dxe5 g4 17. Nc2 Ng5 18. Ne1 Rad8 19. f4 gxf3 20. Nxf3 dxc4 21.
bxc4 Nxf3+ 22. Bxf3 Qc5 23. Rd4 f4 24. gxf4 Rxd4 25. exd4 Qxc4 26. Qd2 Rd8 27.
Rd1 Ba6 28. f5 Kh8 29. f6 Rf8 30. Kh1 Qa4 31. Rg1 Qa5 32. Qg5 1-0

[Event "Elit(Limhamn-Orgryte)"]
[Site "?"]
[Date "2010.11.13"]
[Round "4"]
[White "Anderzen, Robert"]
[Black "Eklund, Joel"]
[Result "1-0"]
[WhiteElo "1716"]
[BlackElo "2299"]
[PlyCount "97"]

1. e4 c5 2. Nf3 e6 3. d4 cxd4 4. Nxd4 a6 5. Bd3 Bc5 6. Nb3 Be7 7. Qg4 g6 8. Nc3
d6 9. O-O Nd7 10. f4 b5 11. a3 Bb7 12. Be3 Ngf6 13. Qe2 O-O 14. Rae1 Re8 15.
Kh1 Bf8 16. f5 Ne5 17. fxg6 fxg6 18. Bg5 Bg7 19. Nd4 h6 20. Bh4 g5 21. Bg3 Nfd7
22. Qe3 Rc8 23. Nce2 Qb6 24. h4 Ng4 25. Qg1 Nde5 26. Nf3 Qxg1+ 27. Nexg1 Nxd3
28. cxd3 Bxb2 29. Bxd6 Red8 30. e5 Rc3 31. hxg5 Bxa3 32. Ne2 Bxd6 33. Nxc3 Bb4
34. Rc1 Rxd3 35. Ne2 Re3 36. Nf4 Nxe5 37. Nxe5 Rxe5 38. Rc7 Be4 39. gxh6 Rg5
40. Rd1 Bd5 41. Nxd5 Rh5+ 42. Kg1 exd5 43. h7+ Kh8 44. Rb7 d4 45. Rc1 Bc3 46.
Rf1 Bb4 47. Rff7 Bd6 48. Rbd7 Bh2+ 49. Kf1 1-0